| 000 | 00786cam a2200217 4500 | ||
|---|---|---|---|
| 001 | WB3706-03 | ||
| 008 | 000000n2001 000 0 eng u | ||
| 035 | _a(Sirsi) u110785 | ||
| 245 | _aRacing's each-way bet | ||
| 260 | _c2001 | ||
| 490 |
_aTimes _v6 February 2001, 21(1) |
||
| 520 | _aTop architects are being employed to revamp some of Britain's major racecourses, with modern designs and structures. Looks at the new developments at Ascot, Epsom, Newbury, Goodward and Doncaster, and concludes that the new structures are unlikely to block the view from the stands. | ||
| 590 | _aWB | ||
| 650 | _aRACECOURSES | ||
| 650 | _aDONCASTER | ||
| 650 | _aNEWBURY | ||
| 650 | _aEPSOM | ||
| 650 | _aGRANDSTANDS | ||
| 690 | _aBUILT ENVIRONMENT-CONSTRUCTION DESIGN | ||
| 942 | _n0 | ||
| 999 |
_c66039 _d66039 |
||